|
|
|
|
| LEADER |
00000cam a2200000 7i4500 |
| 001 |
0000022683 |
| 005 |
20100426.0 |
| 008 |
100426 my a vs may |
| 040 |
|
|
|a INS
|
| 090 |
0 |
0 |
|a CD 426
|
| 110 |
1 |
|
|a Malaysia
|c Kementerian Kewangan
|
| 245 |
1 |
0 |
|a Laporan ekonomi 2008/2009
|c Kementerian Kewangan Malaysia [
|h sumber elektronik]
|
| 260 |
|
|
|a Kuala Lumpur :
|b Kementerian Kewangan Malaysia ,
|c 2008
|
| 300 |
|
|
|a 1 cakera komputer optical :
|b ill. ;
|c 4 3/4in.
|
| 650 |
0 |
0 |
|a Malaysia
|x Commerce
|x Statistics
|
| 650 |
0 |
0 |
|a Malaysia
|x Economic conditions
|x Statistics
|
| 999 |
|
|
|a CD00000426
|b CD-ROM
|c Media Collection
|e Default branch
|